| 000 | 00887cab a22002175a 4500 | ||
|---|---|---|---|
| 001 | L155236 | ||
| 008 | 120313e2012 xxk 000 0 eng d | ||
| 035 | _a(Sirsi) u155236 | ||
| 041 | 0 | _aeng | |
| 110 | 2 |
_aRoyal Institution of Chartered Surveyors _94900 |
|
| 245 | 0 | 0 |
_aImportant changes to the energy performance certificate requirements _h[electronic resource] |
| 260 |
_aLondon _bRICS _c2012 |
||
| 520 | _aSummaries key changes to the Energy Performance Certificates requirements effective from 6 April 2012. Regulations are yet to be published. | ||
| 590 | _aKA | ||
| 651 | 4 |
_aEngland and Wales _y1543- |
|
| 690 |
_aResidential property _96266 |
||
| 690 |
_aCommercial property _96227 |
||
| 690 |
_aSustainability _96271 |
||
| 856 | 4 | 0 |
_uhttps://www.rics.org/site/scripts/download_info.aspx?downloadID=8453&fileID=11556 _zView this item free of charge at www.rics.org |
| 942 | _n0 | ||
| 999 |
_c83836 _d83836 |
||